Catálogo de documentos-carta de la colección Porfirio Díaz : diciembre de 1890 /

Catálogo de la correspondencia recibida y emitida por el presidente mexicano Porfirio Díaz en el mes de diciembre de 1890. Los documentos aquí referidos están custodiados en la colección Porfirio Díaz de la Biblioteca Francisco Xavier Clavijero de la Universidad Iberoamericana de la ciudad de México...

Whakaahuatanga katoa

I tiakina i:
Ngā taipitopito rārangi puna kōrero
Kaituhi rangatōpū: Universidad Iberoamericana. Plantel Santa Fe. Biblioteca
Ētahi atu kaituhi: Barba Beltrán, Brenda (autor) (autor)
Hōputu: Pukapuka
Reo:Pāniora
I whakaputaina: México : Universidad Iberoamericana, Plantel Santa Fe, Biblioteca Francisco Xavier Clavigero, 2005, c2005
Rangatū:(Serie CDP ; 76)
Ngā marau:
Ngā Tūtohu: Tāpirihia he Tūtohu
Kāore He Tūtohu, Me noho koe te mea tuatahi ki te tūtohu i tēnei pūkete!

MARC

LEADER 00000nam^a2200000^a^4500
001 000181895
005 20250521000000.0
009 20260310101946.99
037 |a Acervo ITESO - Biblioteca 
041 |a ESP 
082 |a 027. 072532  |b UNI UIA CPD-dc V. 76 
110 |a Universidad Iberoamericana.  |b Plantel Santa Fe. Biblioteca 
240 1 1 |a [Catálogo de documentos-carta de la colección Porfirio Díaz] 
245 1 0 |a Catálogo de documentos-carta de la colección Porfirio Díaz :  |b diciembre de 1890 /  |c B. Barba Beltrán... [et al.]. 
264 4 |a México :  |b Universidad Iberoamericana, Plantel Santa Fe, Biblioteca Francisco Xavier Clavigero,  |c 2005, c2005 
300 |a XVIII, 137 p. 
336 |a texto  |b txt  |2 rdacontenido 
337 |a sin mediación  |b n  |2 rdamedio 
338 |a volumen  |b nc  |2 rdasoporte 
440 1 |a (Serie CDP ;  |v 76) 
520 |a Catálogo de la correspondencia recibida y emitida por el presidente mexicano Porfirio Díaz en el mes de diciembre de 1890. Los documentos aquí referidos están custodiados en la colección Porfirio Díaz de la Biblioteca Francisco Xavier Clavijero de la Universidad Iberoamericana de la ciudad de México. Cada uno de las fichas incluidas contiene, además de los datos de codificación y descripción física del documento, el registro del autor, destinatario, lugar y fecha y síntesis del documento. Este tomo corresponde a diciembre de 1890, año de consolidación del régimen porfirista y del surgimiento del movimiento de la gavilla de Juan Galeana en el estado de Guerrero. 
649 |a XX 
650 |a Jefes de Estado Mexicanos 
650 |a Políticos Mexicanos 
650 |a Cartas Mexicanas -  |x Catálogos 
650 |a Manuscritos -  |z México -  |x Catálogos 
650 |a Catálogos de Archivos -  |z México (Ciudad) 
650 |a Archivos -  |z México (Ciudad) 
650 |a Catálogos de Bibliotecas -  |z México (Ciudad) 
650 |a Bibliotecas Universitarias -  |x Colecciones Especiales -  |x Tema Principal 
650 |a Bibliotecas Universitarias -  |z México (Ciudad) 
650 |a Bibliotecas Universitarias -  |z México 
650 |a Catalogación 
650 |a Clasificación Bibliográfica 
650 |a Biblioteconomía 
650 |a Universidad Iberoamericana -  |z México (Ciudad) 
650 |a Política -  |z México -  |x Historia -  |y Porfirismo, 1876-1911 
650 |a Política -  |z México -  |x Historia -  |y República Liberal, 1867-1911 
650 |a Política -  |z México -  |x Historia -  |y Siglo XIX 
650 |a México -  |x Historia -  |x Documentos 
650 |a México -  |x Historia -  |y Porfirismo, 1876-1911 
650 |a México -  |x Historia -  |y República Liberal, 1867-1911 
650 |a México -  |x Historia -  |y Siglo XIX 
650 |a Díaz, Porfirio 
700 |a Barba Beltrán, Brenda  |e (autor) 
910 |a Fondo General 
920 |a Impresos - Libros 
930 |a Obras de Referencia 
940 |a Biblioteconomía 
905 |a 102 
901 |a 0500121615  |b IT2  |c REF  |u 20250521 
902 |a https://opac.biblio.iteso.mx/vufind/Record/000181895